Stadien mit einer Kapazität von über 60.000 Zuschauern - Statistiken

Allgemein
  • Dieses Quiz wurde 124 mal gespielt
  • Das Durchschnittsergebnis liegt bei 3 aus 11
Answers on the Grid
Answers color-coded by a green-red scale on the quiz's grid according to % correct below.
Signal-Iduna-Park (Dortmund)
MetLife-Stadium (New York City)
Puskás Aréna (Budapest)
Luzhniki-Stadium (Moskau)
Estádio da Luz (Lissabon)
Anfield (Liverpool)
Orange Vélodrome (Marseille)
Riyadh Air Metropolitano (Madrid)
Giuseppe-Meazza (Mailand)
King Abdullah Sports City (Jeddah)
Estádio Mineirão (Belo Horizonte)
Khalifa International Stadium (Doha)
Parc des Princes (Paris)
Allianz-Stadium (Turin)
Deutsche Bank Park (Frankfurt)
Etihad Stadium (Manchester)
Stamford Bridge (London)
Groupama Stadium (Lyon)
San Mamés (Bilbao)
Ramón Sánchez Pizjuán (Sevilla)
Diego Armando Maradona (Neapel)
Johan Cruijff ArenA (Amsterdam)
Ibrox Stadium (Glasgow)
De Kuip (Rotterdam)
Estádio do Dragão (Porto)
Tüpraş Stadyumu (Istanbul)
BC Place Stadium (Vancouver)
Estadio BBVA (Guadalupe)
Fritz-Walter-Stadion (Kaiserslautern)
PGE Narodowy (Warschau)
 
Antwortstatistiken
Antwort % Korrekt
Signal-Iduna-Park (Dortmund)
70%
Giuseppe-Meazza (Mailand)
49%
Riyadh Air Metropolitano (Madrid)
33%
MetLife-Stadium (New York City)
32%
Anfield (Liverpool)
29%
Estádio da Luz (Lissabon)
17%
Luzhniki-Stadium (Moskau)
17%
Orange Vélodrome (Marseille)
17%
Puskás Aréna (Budapest)
16%
Estádio Mineirão (Belo Horizonte)
8%
King Abdullah Sports City (Jeddah)
8%
Keine übereinstimmenden Quizze gefunden
Verteilung der Resultate
Anzahl Personen mit jedem Resultat
Perzentil nach korrekt beantworteten Fragen
Ihre Resultats-Entwicklung
Sie haben dieses Quiz noch nicht gespielt